00874nam a22002297a 450000500170000001000160001702000180003303500140005103700100006508200140007510000260008924501400011525000060025526000350026127001230029630000170041970000230043676000060045994200280046599900190049395201320051220250324114706.0 aENG-1442732 a9788178063096 aEN-127764 bDBAD  a606.7421 aMehra, navneet979842 aWebsite development using html and css;cA practical step-by-step guide to develop e-commererce store/bNaveent mehra [And] Bunny mehra a1 aNew delhic2012bUnicorn books aF2/16, ansari road, daryaganjbNew delhie110002minfo@unicornbooks.ink011-23275434k23262683k23250704l011-23257790 a172pc24(pb) aBunny mehra979843 b1 2ddccENh606.74mMEHe1 c210443d210443 001040708NFICaBL1bBL1d2025-03-24eDBADg225.00l0o606.74 MEHpEN-127764r2025-03-24 00:00:00t 1v225.00w2025-03-24yEN